00334nam a2200121Ia 45000030006000000080041000060400015000471000021000622450069000832600031001525460012001830050017001950STCL150530s9999 xx 000 0 und d aSTCLcSTCL aGlazebrook, R.T. aHeat and light:An elementary text book theoretical and practical bCambridge universityc1914 aEnglish20220125170153.0